000 00734nam a2200241 i 4500
001 bg
100 1 _aBartkowiak, Ryszard.
245 1 0 _aHistoria myśli ekonomicznej /
_cRyszard Bartkowiak.
260 _aWarszawa :
_bPolskie Wydawnictwo Ekonomiczne,
_c2003.
300 _a298 s. :
_bwykr. ;
_c24 cm.
504 _aBibliogr. - Indeks.
650 9 _aEkonomia
_xteoria
650 9 _aEkonomia
_xhistoria
655 _aPodręczniki akademickie
020 _a8320814677
040 _cBPK
041 0 _apol
080 _a330.8(075.8)
920 _a83-208-1467-7
942 _cKS
008 s pl f |000 0 pol
999 _c43219
_d43219
856 _uhttp://koha.tu.koszalin.pl/cgi-bin/koha/opac-detail.pl?biblionumber=43219
_yKatalog online BPK